[Event "ARG-ch"]
[Site "?"]
[Date "1989.??.??"]
[Round "12"]
[White "Najdorf, Miguel"]
[Black "Bielicki, Carlos"]
[Result "1/2-1/2"]
[WhiteElo "2465"]
[BlackElo "2315"]

1.d4 Nf6 2.c4 e6 3.Nf3 b6 4.a3 Ba6 5.Qc2 Bb7 6.Nc3 c5 7.e4 cxd4 8.Nxd4 Bc5
9.Nb3 Nc6 10.Nxc5 bxc5 11.Bd3 d6 12.O-O h6 13.f4 O-O 14.Rb1 Nd4 15.Qd1 Nd7
16.Be3 Rb8 17.b4 f5 18.bxc5 dxc5 19.e5 Qa5 20.Bd2 Qc7 21.Rf2 a6 22.Be3 Rfd8
23.Rfb2 Bc6 24.Qd2 Rxb2 25.Rxb2 Nf8 26.Ne2 Nxe2+ 27.Qxe2 Qa5 28.Rb3 Ba4 29.Bd2 Qc7
30.Rc3 Qb6 31.Be3 Qa5 32.Qd2 Ng6 33.h3 Bc6 34.Qb2 Nh4 35.Bf1 Rd1 36.Rc1 Rd8
37.Qc3 Qc7 38.Qe1 Ng6 39.Qf2 Qa5 40.Bxc5 Qd2 41.Be3 Qxf2+ 42.Kxf2 Rb8 43.Rd1 Kf7
44.Be2 Ne7 45.Rd2 g6 46.Bc5 Rb7 47.Bb4 Be4 48.g3 Nc6 49.Bc5 Rb3 50.Rd7+ Kg8
51.h4 h5 52.Rd6 Kf7 53.Bd1 Rc3 54.Be2 Rb3 55.Rd2 Ke8 56.Bd6 Kf7 57.a4 a5
58.Bd1 Rc3 59.Rb2 Nd4 60.Bc7 Rc1 61.Rd2 Nc6 62.Be2 Ra1 63.Rd7+ Kf8 64.Bd1 Rc1
65.Rd6 Ke7 66.Bb6 Rb1 67.Bc5 Kf7 68.Rd7+ Ke8 69.Rd2 Rc1 70.Be3 Rc3 71.Rd6 Ke7
72.Bd2 Rd3 73.Rxd3 Bxd3 74.c5 Be4 75.Bf3 Bd5 76.Be2 Kd7 77.Bb5 Kc7 78.Ke3 Kd7
79.Kd3 Be4+ 80.Kc3 Bd5 81.Bc4 Kc7 82.Kd3 Be4+ 83.Ke3 Kd7 84.Bb5 Ke7 85.Bc4 Bc2
86.Bb5 Be4 87.Be1 Kd8 88.Kd2 Ke7 89.Kc3 Kd8 90.Bxc6 Bxc6 91.Kb3 Bd5+ 92.Ka3 Kc7
93.Bxa5+ Kc6 94.Kb4 Bf3 95.Bd8 Be2 96.Be7 Bf1  1/2-1/2

[Event "Athens Akropolis"]
[Site "Athens"]
[Date "1989.??.??"]
[Round "?"]
[White "Arduman, Can"]
[Black "Skembris, Spyridon"]
[Result "1-0"]
[WhiteElo "2305"]
[BlackElo "2455"]

1.d4 Nf6 2.c4 e6 3.Nf3 b6 4.a3 Ba6 5.Qc2 Bb7 6.Nc3 c5 7.dxc5 Bxc5 8.Bg5 h6
9.Bh4 Nc6 10.e3 g5 11.Bg3 Nh5 12.O-O-O Nxg3 13.hxg3 Be7 14.Be2 a6 15.Rh5 Qc7
16.Rdh1 g4 17.Nd2 Ne5 18.Rxh6 Rxh6 19.Rxh6 Bxg2 20.Rh8+ Bf8 21.Nce4 f5 22.Nf6+ Ke7
23.Nh5 Qc6 24.Qc3 d6 25.Rh7+ Kd8 26.Nf4 Kc8 27.Nxe6 Qe8 28.Nxf8 Qxf8 29.c5 Kd8
30.cxb6 Rc8 31.Rc7 Bc6 32.Rxc8+ Kxc8 33.Bxa6+ Kd7 34.Nc4 Qh8 35.Nxe5+ dxe5
36.Qd2+ Ke8 37.b7 Qh1+ 38.Qd1 Bxb7 39.Qxh1 Bxh1 40.Bd3 Ke7 41.Bxf5 Bf3 42.Kd2 Kd6
43.Kc3 Bd1 44.b4  1-0

[Event "AUT-chT"]
[Site "?"]
[Date "1989.??.??"]
[Round "?"]
[White "Denk, Adolf"]
[Black "Lockl, Lothar"]
[Result "1-0"]
[WhiteElo "2255"]
[BlackElo "2250"]

1.Nf3 Nf6 2.c4 b6 3.d4 e6 4.a3 Bb7 5.Nc3 Be7 6.d5 d6 7.e4 e5 8.Bd3 Nbd7 9.O-O O-O
10.Ne1 Ne8 11.g3 Bf6 12.Bc2 g6 13.b4 Bg7 14.Rb1 Bc8 15.Ne2 Ndf6 16.f3 Kh8
17.Be3 Ng8 18.Nd3 Nef6 19.Qd2 Bd7 20.Nf2 Qe7 21.Bd3 h6 22.Rfc1 Kh7 23.c5 Ne8
24.Qc2 Qd8 25.Kh1 Ngf6 26.Ng1 Bc8 27.Be2 Nd7 28.cxd6 cxd6 29.Qc6 Rb8 30.Qa4 Ra8
31.Qc6 Rb8 32.Rc2 Ndf6 33.Qa4 Ra8 34.Rbc1 Bd7 35.Qa6 Qb8 36.Bb5 Qd8 37.Qa4 a6
38.Bc6 Ra7 39.Qb3 Rc7 40.a4 Ra7 41.a5 Qb8 42.axb6 Rb7 43.Qa4 Bc8 44.Bxe8 Rxe8
45.Qxe8  1-0

[Event "AUT-chT"]
[Site "?"]
[Date "1989.??.??"]
[Round "?"]
[White "Beni, Alfred"]
[Black "Titz, Heimo"]
[Result "0-1"]
[WhiteElo "2235"]
[BlackElo "2210"]

1.d4 Nf6 2.c4 e6 3.Nf3 b6 4.a3 Bb7 5.Nc3 d5 6.cxd5 Nxd5 7.Qc2 Be7 8.e4 Nxc3
9.bxc3 O-O 10.Bd3 c5 11.O-O cxd4 12.cxd4 Nd7 13.Bf4 Rc8 14.Qb3 Nf6 15.Rfe1 Nh5
16.Be3 Qc7 17.Ne5 Bd6 18.Rec1 Qe7 19.a4 Nf6 20.Bg5 Rxc1+ 21.Rxc1 h6 22.Bxf6 Qxf6
23.Nf3 Qf4 24.Re1 Rc8 25.Bc2 Bf8 26.Qd3 Qc7 27.Bb3 Qc3 28.Qb1 Qa5 29.Rd1 Rc3
30.d5 Qb4 31.Ba2 exd5 32.Qxb4 Bxb4 33.Bxd5 Bc6 34.Bxc6 Rxc6 35.Ne5 Re6 36.Rd8+ Kh7
37.Nxf7 Rxe4 38.g3 Kg6 39.Nd6 Re2 40.Nb5 Bc5 41.Kg2 Rxf2+ 42.Kh3 Ra2 43.Nxa7 Rxa4
44.Nc6 Ra2 45.Rd1 Kf5 46.Nd4+ Bxd4 47.Rxd4 Ra7 48.Kg2 Ke5 49.Rb4 Rb7 50.Kf3 Kd5
51.Ke3 Kc5 52.Rd4 b5 53.Kd3 Ra7 54.Rg4 g5 55.Re4 Ra3+ 56.Kc2 Ra2+ 57.Kb3 Rxh2
58.Re5+ Kd4 59.Rxb5 Rh3 60.Kc2 Rxg3  0-1

[Event "Bad Mergentheim op"]
[Site "Bad Mergentheim"]
[Date "1989.??.??"]
[Round "?"]
[White "Komarov, Dimitri"]
[Black "Barbero, Gerardo F"]
[Result "1-0"]
[WhiteElo "2390"]
[BlackElo "2475"]

1.d4 Nf6 2.c4 e6 3.Nf3 b6 4.a3 Bb7 5.Nc3 d5 6.cxd5 exd5 7.g3 Be7 8.Qa4+ c6
9.Bg2 O-O 10.O-O Nbd7 11.Bf4 Nh5 12.Rad1 Nxf4 13.gxf4 Qc7 14.Ne5 Rfd8 15.Qc2 Nf6
16.e3 c5 17.Qf5 Qc8 18.Qb1 cxd4 19.exd4 Nh5 20.f5 Nf4 21.Bf3 Bg5 22.Kh1 h5
23.Rg1 f6 24.Ng6 Nxg6 25.fxg6 Bf4 26.Rg2 Qh3 27.Qd3 Kf8 28.Ne2 Bd6 29.Ng1 Qh4
30.Qf5 Rac8 31.Bxh5 Qf4 32.Qh3 Qh6 33.Rg4 Rc2 34.Rh4  1-0

[Event "GMA-qual"]
[Site "Belgorod"]
[Date "1989.??.??"]
[Round "?"]
[White "Gorelov, Sergey G"]
[Black "Yailjan, M."]
[Result "0-1"]
[WhiteElo "2455"]
[BlackElo "2325"]

1.Nf3 Nf6 2.c4 e6 3.d4 b6 4.a3 Ba6 5.e3 Be7 6.Bd3 c5 7.d5 exd5 8.cxd5 Bxd3
9.Qxd3 d6 10.Nc3 O-O 11.O-O a6 12.e4 Nbd7 13.h3 Qc7 14.Bf4 Rfe8 15.b4 b5
16.Rac1 Rac8 17.Rfe1 Bf8 18.Qb1 Ne5 19.Nxe5 dxe5 20.Be3 cxb4 21.Na2 Qb7 22.axb4 Nd7
23.Re2 Rc4 24.Rxc4 bxc4 25.Rb2 Rb8 26.Nc3 a5 27.Qa2 axb4 28.Qxc4 Nb6 29.Bxb6 Qxb6
30.Ne2 Bc5 31.Nc1 Rc8 32.Kh1 Rc7 33.Nd3 Bd6 34.Qb3 h6 35.Rc2 Rxc2 36.Qxc2 Qd4
37.Nc1 Qc3 38.Qd1 Qa1 39.Qg1 Qb1 40.f3 b3 41.Ne2 Qxg1+ 42.Kxg1 Bb4  0-1

[Event "Belgrade op"]
[Site "Belgrade"]
[Date "1989.??.??"]
[Round "6"]
[White "Petronic, Jovan"]
[Black "Ostojic, Nikola"]
[Result "1/2-1/2"]
[WhiteElo "2365"]
[BlackElo "2265"]

1.d4 Nf6 2.c4 e6 3.Nf3 b6 4.a3 Bb7 5.Nc3 d5 6.cxd5 Nxd5 7.Qa4+ Nd7 8.Ne5 Nxc3
9.bxc3 Bd6 10.Nc6 Qc8 11.e4 a6 12.c4 e5 13.dxe5 Bxc6 14.Qxc6 Bxe5 15.Ra2 O-O
16.Be2 Nc5 17.O-O Re8 18.Be3 Re6 19.Qd5 c6 20.Qd1 Nxe4 21.Bg4 Nc3 22.Qb3 Nxa2
23.Qxa2 Bc7 24.Qb2 c5 25.a4 Qe8 26.Bxe6 Qxe6 27.Qc2 Rd8 28.Rb1 h6 29.g3 h5
30.a5 bxa5 31.Bxc5 h4 32.Be3 h3 33.Qe2 Re8 34.Qf1 Rb8 35.Re1 Qf5 36.c5 Rb5
37.Ra1 a4 38.Rxa4 Rb1 39.Bc1 Qd5 40.Rc4 a5 41.Rc3 Qe6 42.Re3 Qc6 43.Re1 a4
44.Qxh3 Ba5 45.Qf5 Bxe1 46.Qxb1 Qxc5 47.Qb8+ Kh7 48.Qf4 Bb4 49.Be3 Qe7 50.Bd4 a3
51.Qg4 Qe1+ 52.Kg2 Bf8 53.Qf3 Kg8 54.Qa8 Qb4 55.Be5 Qc5 56.Ba1 Qc4 57.Be5 Qc5
58.Ba1 Qe7 59.Bc3 Kh7 60.h4 g6 61.h5 gxh5 62.Qd5 Kg6 63.Qd3+ f5 64.Qa6+ Kh7
65.Qb5 Qf7 66.f3 Bg7 67.Bxg7 Kxg7 68.Qe5+ Qf6 69.Qc7+ Kg6 70.Qc4 Kg7 71.Qc7+ Kg8
72.Qb8+ Qf8 73.Qb3+ Kg7 74.Qc3+ Kf7 75.Qc4+ Kf6 76.Qc6+ Ke5 77.Qc3+ Kd5 78.Qd3+ Ke6
79.Qc4+ Kf6 80.Qc6+ Kg7 81.Qc3+ Kh7 82.Qc7+ Qg7 83.Qc5 Qb2+ 84.Kh3 a2 85.Qxf5+ Kg7
86.Qd7+ Kf8 87.Qd8+ Kf7 88.Qd7+ Kg6 89.Qe6+ Kg7 90.Qe7+ Kh6 91.Qe6+ Kh7 92.Qf7+  1/2-1/2

[Event "Lasker mem"]
[Site "Berlin"]
[Date "1989.??.??"]
[Round "4"]
[White "Muse, Mladen"]
[Black "Abramovic, Bosko"]
[Result "0-1"]
[WhiteElo "2415"]
[BlackElo "2465"]

1.d4 Nf6 2.Nf3 e6 3.c4 b6 4.a3 d5 5.Nc3 Be7 6.cxd5 exd5 7.Qa4+ Bd7 8.Qc2 O-O
9.Bg5 Be6 10.Rd1 h6 11.Bh4 c5 12.e3 Nc6 13.Bb5 Qc7 14.Qa4 Na5 15.Bg3 Qc8
16.dxc5 Qxc5 17.O-O a6 18.Be2 Nc4 19.Qb3 b5 20.Nd4 Rac8 21.Rd3 Qb6 22.Rfd1 Rfe8
23.Bf3 Nd7 24.Nxe6 fxe6 25.Qa2 Kh8 26.Bxd5 exd5 27.Nxd5 Qb7 28.Nxe7 Rxe7
29.Qb1 Nc5 30.Rd5 Ree8 31.b3 Nb6 32.Rh5 Ne4 33.Be5 Rxe5 34.Rxe5 Nc3 35.Qd3 Nxd1
36.Qxd1 Qc7 37.f4 Rd8 38.Qh5 Nd7 39.Re7 Qc1+ 40.Kf2 Nf6 41.Qg6 Rg8 42.g4 Qxa3
43.Rf7 Qxb3 44.g5 Ng4+ 45.Kg3 Nxe3 46.Kf2 Qb2+ 47.Kf3 Re8 48.gxh6 Nf5 49.hxg7+ Nxg7
50.Qd3 Qa1 51.Kg4 Qg1+ 52.Kf3 b4 53.Re7 Nf5 54.Rh7+ Kxh7 55.Qxf5+ Qg6  0-1

[Event "Biel op"]
[Site "Biel"]
[Date "1989.??.??"]
[Round "5"]
[White "Barlov, Dragan"]
[Black "Kosashvili, Yona"]
[Result "0-1"]
[WhiteElo "2520"]
[BlackElo "2425"]

1.d4 Nf6 2.c4 e6 3.Nf3 b6 4.a3 Ba6 5.Qb3 c6 6.Nc3 d5 7.cxd5 cxd5 8.Bf4 Bc4
9.Qc2 Nbd7 10.Nd2 Ba6 11.Qa4 Qc8 12.Rc1 Qb7 13.b4 b5 14.Qd1 Nb6 15.Nb3 Nc4
16.Ra1 Nh5 17.Bg5 h6 18.Bc1 Nf6 19.Nc5 Qc6 20.e3 Bb7 21.a4 a6 22.Qb3 Bd6
23.Be2 O-O 24.O-O Rfb8 25.Re1 Bc8 26.Bf1 Bd7 27.a5 Qc7 28.g3 Bxc5 29.dxc5 Bc6
30.Bg2 Rd8 31.Ne2 e5 32.Bb2 d4 33.exd4 Bxg2 34.Kxg2 Qc6+ 35.f3 e4 36.d5 Rxd5
37.Bxf6 Rd3 38.Qc2 Ne3+  0-1

[Event "Biel op"]
[Site "Biel"]
[Date "1989.??.??"]
[Round "7"]
[White "Muse, Mladen"]
[Black "Kosashvili, Yona"]
[Result "1-0"]
[WhiteElo "2415"]
[BlackElo "2425"]

1.d4 Nf6 2.Nf3 e6 3.c4 b6 4.a3 Ba6 5.Nbd2 d5 6.e3 Be7 7.Qa4+ c6 8.cxd5 Bxf1
9.Nxf1 Qxd5 10.Ng3 O-O 11.O-O Nbd7 12.Re1 c5 13.e4  1-0

[Event "Biel op"]
[Site "Biel"]
[Date "1989.??.??"]
[Round "7"]
[White "Muse, Mladen"]
[Black "Kosashvili, Yona"]
[Result "1-0"]
[WhiteElo "2415"]
[BlackElo "2425"]

1.d4 Nf6 2.Nf3 e6 3.c4 b6 4.a3 Ba6 5.Nbd2 d5 6.e3 Be7 7.Qa4+ c6 8.cxd5 Bxf1
9.Nxf1 Qxd5 10.Ng3 O-O 11.O-O Nbd7 12.Re1 c5 13.e4 Qb7 14.d5 b5 15.Qc2 exd5
16.e5 Ne8 17.Nf5 Nb6 18.Bg5 f6 19.Nxe7+ Qxe7 20.exf6 Qd6 21.fxg7 Rf7 22.Bh4 Rxg7
23.Bg3 Qf8 24.Re6 Rd8 25.Rae1 Nc4 26.Bh4 Rc8 27.Qe2 Ned6 28.Be7 Qf4 29.Rxd6 Rxe7
30.Rg6+ hxg6 31.Qxe7 Qf7 32.Qg5 Rc7 33.b3 Nb6 34.Qd8+ Kg7 35.Ng5 Qd7 36.Qxc7  1-0

[Event "Biel op"]
[Site "Biel"]
[Date "1989.??.??"]
[Round "10"]
[White "Shabtai, Ran"]
[Black "Hess, Ralf"]
[Result "1-0"]
[WhiteElo "2335"]
[BlackElo "2295"]

1.d4 Nf6 2.Nf3 e6 3.c4 b6 4.a3 c5 5.d5 b5 6.dxe6 fxe6 7.cxb5 d5 8.g3 Qa5+
9.Bd2 Qxb5 10.Nc3 Qb6 11.Bg2 Nbd7 12.O-O Bb7 13.e4 d4 14.Na4 Qc6 15.b4 e5
16.Nxc5 Bxc5 17.bxc5 O-O 18.Ng5 h6 19.Qb3+ Kh8 20.Nf7+ Kh7 21.Qa2 Ba6 22.Rfe1 Bd3
23.Rad1 Qa6 24.Rc1 Rac8 25.Bb4 Rc6 26.Bh3 Rb8 27.Nd6 Rxd6 28.cxd6 Rxb4 29.Bf5+ Kh8
30.Bxd7 Rb8 31.Qe6 Qa5 32.Bc8 Qd8 33.d7 Bb5 34.Qxe5 d3 35.Qxb8 Bxd7 36.Bxd7 Qxb8
37.Rc8+ Qxc8 38.Bxc8 d2 39.Rd1 Nxe4 40.f3 Ng5 41.Kg2  1-0

[Event "Caorle op"]
[Site "Caorle"]
[Date "1989.??.??"]
[Round "6"]
[White "Csonkics, Tunde"]
[Black "Travaglini, Alberto"]
[Result "0-1"]
[WhiteElo "2290"]
[BlackElo "1930"]

1.d4 Nf6 2.Nf3 b6 3.c4 e6 4.a3 Bb7 5.Nc3 Ne4 6.Qd3 Nxc3 7.Qxc3 Be7 8.g3 f5
9.Bg2 Bf6 10.Qd2 O-O 11.O-O d6 12.b4 Nd7 13.Bb2 Be4 14.Rfd1 Qe7 15.Rac1 Rad8
16.a4 c5 17.a5 Rfe8 18.Ra1 e5 19.bxc5 bxc5 20.dxe5 dxe5 21.Ne1 Nb8 22.Qc3 Qb7
23.Bxe4 Qxe4 24.Qc2 Qxc2 25.Nxc2 Nc6 26.Ne3 Nd4 27.Kf1 Nb3 28.Rxd8 Rxd8 29.Ra3 Nd2+
30.Kg2 Kf7 31.a6 g5 32.Nxf5 Nxc4 33.Rb3 Ke6 34.g4 h5 35.h3 hxg4 36.hxg4 Rd2  0-1

[Event "Caorle op"]
[Site "Caorle"]
[Date "1989.??.??"]
[Round "6"]
[White "Schilstra, BJ."]
[Black "Cardinali, Marco"]
[Result "1/2-1/2"]
[WhiteElo "2000"]
[BlackElo "2020"]

1.d4 Nf6 2.Nf3 e6 3.c4 b6 4.a3 Bb7 5.Nc3 Ne4 6.Nd2 Nxc3 7.bxc3 Be7 8.e4 O-O
9.Bd3 d6 10.O-O Nd7 11.Nf3 c5 12.Re1 e5 13.d5 Re8 14.Be3 Nf8 15.Qd2 Bc8 16.Rf1 h6
17.Ne1 Bg5 18.f4 exf4 19.Bxf4 Ng6 20.Bxg5 Qxg5 21.Qxg5 hxg5 22.Nf3 Ne5 23.Nxe5 Rxe5
24.Ra2 Bd7 25.Raf2 f6 26.Bc2 Rae8 27.a4 Rxe4 28.Bxe4 Rxe4 29.a5 Rxc4 30.axb6 axb6
31.Re2 Ba4 32.Re6 Rxc3 33.Rxd6 b5 34.Re1 Rd3 35.Re7 Kh7 36.Rxf6 Rxd5 37.Rff7 Kg6
38.Rxg7+ Kf5 39.Rgf7+ Kg6 40.g4 Rd1+ 41.Kf2 Bb3 42.Rf5 Rd2+ 43.Re2 Rxe2+
44.Kxe2 Be6 45.Rxc5 Bxg4+ 46.Ke3 Bd7 47.Rd5 Be8  1/2-1/2

[Event "Caorle op"]
[Site "Caorle"]
[Date "1989.??.??"]
[Round "7"]
[White "Travaglini, Alberto"]
[Black "Lazic, Marina"]
[Result "1/2-1/2"]
[WhiteElo "1930"]
[BlackElo "2135"]

1.d4 Nf6 2.c4 e6 3.Nf3 b6 4.a3 Ba6 5.Qc2 Bb7 6.Nc3 c5 7.Bf4 cxd4 8.Nxd4 d6
9.Bg3 Nh5 10.e4 Nc6 11.Nxc6 Bxc6 12.Be2 Nxg3 13.hxg3 Rc8 14.Rd1 Qc7 15.Qd3 a6
16.g4 Qb7 17.f4 b5 18.cxb5 axb5 19.f5 Be7 20.fxe6 fxe6 21.e5 dxe5 22.Rxh7 Rxh7
23.Qxh7 Bf8 24.g5 b4 25.Bh5+ Ke7 26.Qd3 Qc7 27.Nb5 Bxb5 28.Qxb5 bxa3 29.Qb4+ Qc5
30.bxa3 Qxb4+ 31.axb4 Rb8 32.Rb1 Kd7  1/2-1/2

[Event "Chianciano tt"]
[Site "Chianciano"]
[Date "1989.??.??"]
[Round "?"]
[White "Sarno, Spartaco"]
[Black "Forintos, Gyozo V"]
[Result "1-0"]
[WhiteElo "2270"]
[BlackElo "2390"]

1.d4 Nf6 2.c4 e6 3.Nf3 b6 4.a3 c5 5.d5 Ba6 6.Qc2 exd5 7.cxd5 Be7 8.Nc3 O-O
9.g3 b5 10.Bg2 b4 11.axb4 cxb4 12.Nd1 Qb6 13.Be3 Qb7 14.Nd4 Rc8 15.Qd2 Ng4
16.Nf5 Bf8 17.Bd4 Re8 18.O-O Ne5 19.Qe3 Qc8 20.Bxe5 d6 21.Qg5 dxe5 22.Nh6+ Kh8
23.Nxf7+ Kg8 24.d6 Nd7 25.Rc1 Qb8 26.Bd5 Qb5 27.Ne3 Nf6 28.Nf5 g6 29.Qxf6 Qxd5
30.N5h6+  1-0

[Event "Chianciano tt"]
[Site "Chianciano"]
[Date "1989.??.??"]
[Round "?"]
[White "Sarno, Spartaco"]
[Black "Rigo, Janos"]
[Result "1-0"]
[WhiteElo "2270"]
[BlackElo "2385"]

1.d4 Nf6 2.c4 e6 3.Nf3 b6 4.a3 c5 5.d5 Ba6 6.Qc2 exd5 7.cxd5 Be7 8.Nc3 O-O
9.g3 b5 10.Bg2 b4 11.axb4 cxb4 12.Nd1 Qb6 13.Ne3 b3 14.Qd1 Bc5 15.O-O Re8
16.Ra4 Qb5 17.Rf4 d6 18.Nd4 Bxd4 19.Qxd4 Nbd7 20.Re1 Qc5 21.Qd1 Rab8 22.Bd2 Ne5
23.Bc3 Nfd7 24.Ra4 Qb6 25.Bd4 Nc5 26.Qa1 Bb5 27.Rxa7 Rb7 28.Rxb7 Qxb7 29.Nf5 Qd7
30.Bh3 Bxe2 31.Rxe2 Nf3+ 32.Kg2 Rxe2 33.Bxc5 Ne1+ 34.Kf1 Nc2 35.Qd1 Qa4 36.Qxe2 dxc5
37.Kg2 g6 38.Nd6 Qa8 39.Qe8+ Qxe8 40.Nxe8 Kf8 41.Nd6 Nb4 42.Ne4 c4 43.Nd2  1-0

[Event "US op"]
[Site "Chicago"]
[Date "1989.??.??"]
[Round "5"]
[White "Fedorowicz, John P"]
[Black "Readey, John"]
[Result "1-0"]
[WhiteElo "2505"]
[BlackElo "2285"]

1.d4 Nf6 2.c4 e6 3.Nf3 b6 4.a3 Bb7 5.Nc3 d5 6.cxd5 Nxd5 7.Qc2 Nxc3 8.bxc3 c5
9.e4 Nd7 10.Bd3 g6 11.O-O Bg7 12.Bg5 Qc7 13.Qd2 O-O 14.a4 a6 15.Rfe1 Bc6
16.Bc2 b5 17.Bh6 Rfd8 18.Qg5 Bf6 19.Qg4 b4 20.e5 Bh8 21.Ng5 Nf8 22.Bxf8 Rxf8
23.Qh4 h5 24.g4 cxd4 25.gxh5 Bxe5 26.hxg6 fxg6 27.Rxe5  1-0

[Event "Midwest Masters op"]
[Site "Chicago"]
[Date "1989.??.??"]
[Round "6"]
[White "Wallach, Kenneth"]
[Black "Chachere, Lawrence"]
[Result "0-1"]
[WhiteElo "2225"]
[BlackElo "2310"]

1.d4 Nf6 2.Nf3 e6 3.c4 b6 4.a3 Bb7 5.Nc3 d5 6.Bg5 Be7 7.e3 Nbd7 8.b4 dxc4
9.Bxc4 O-O 10.O-O h6 11.Bh4 c5 12.bxc5 bxc5 13.Be2 Nd5 14.Bxe7 Qxe7 15.Nxd5 Bxd5
16.dxc5 Nxc5 17.Nd2 Rfd8 18.Qc2 Rac8 19.Qb2 Rb8 20.Qc3 Nb3 21.Nxb3 Rxb3 22.Qa5 Rb2
23.Bg4 Rdb8 24.Rac1 Qg5 25.Bh3 R8b7 26.Rc7 Rxf2  0-1

[Event "Copenhagen op"]
[Site "Copenhagen"]
[Date "1989.??.??"]
[Round "4"]
[White "Holmsgaard, Henrik"]
[Black "Rodgaard, John"]
[Result "1-0"]
[WhiteElo "2280"]
[BlackElo "2360"]

1.d4 e6 2.c4 b6 3.Nf3 Nf6 4.a3 Bb7 5.Nc3 d5 6.cxd5 Nxd5 7.Qc2 Be7 8.Bd2 O-O
9.e4 Nxc3 10.Bxc3 Nd7 11.Rd1 Qc8 12.Bd3 Rd8 13.O-O c5 14.d5 c4 15.Be2 exd5
16.exd5 Nf6 17.Ng5 Bxd5 18.Bxf6 Bxf6 19.Qxh7+ Kf8 20.Bf3 Bxf3 21.Rde1  1-0

[Event "URS-sf"]
[Site "Daugavpils"]
[Date "1989.??.??"]
[Round "?"]
[White "Petrosian, Arshak B"]
[Black "Rozentalis, Eduardas"]
[Result "1/2-1/2"]
[WhiteElo "2490"]
[BlackElo "2505"]

1.d4 Nf6 2.c4 e6 3.Nf3 b6 4.a3 Bb7 5.Nc3 d5 6.cxd5 exd5 7.g3 Bd6 8.Bg2 O-O
9.Ne5 Ne4 10.Nxe4 dxe4 11.Nc4 Be7 12.O-O Bf6 13.e3 Qe7 14.Bd2 a5 15.Rc1 Bd5
16.f3 Nd7 17.a4 Rfe8 18.fxe4 Bxe4 19.Bxe4 Qxe4 20.Qf3 Rad8 21.Qxe4  1/2-1/2

[Event "Dieren op"]
[Site "Dieren"]
[Date "1989.??.??"]
[Round "3"]
[White "Den Boer, Ber"]
[Black "Pliester, Leon"]
[Result "1/2-1/2"]
[WhiteElo "2290"]
[BlackElo "2385"]

1.d4 Nf6 2.c4 e6 3.Nf3 b6 4.a3 Bb7 5.Nc3 d5 6.cxd5 Nxd5 7.Qc2 Be7 8.e4 Nxc3
9.bxc3 O-O 10.Bd3 c5 11.O-O Qc8 12.Qe2 Ba6 13.Bf4 Bxd3 14.Qxd3 Nd7 15.Qe2 Re8
16.Rfe1 Qb7 17.a4  1/2-1/2

[Event "Dieren op"]
[Site "Dieren"]
[Date "1989.??.??"]
[Round "9"]
[White "Hoeksema, Hendrik Pieter"]
[Black "Pliester, Leon"]
[Result "1/2-1/2"]
[WhiteElo "2380"]
[BlackElo "2385"]

1.d4 Nf6 2.c4 e6 3.Nf3 b6 4.a3 Bb7 5.Nc3 d5 6.Bg5 Be7 7.Bxf6 Bxf6 8.cxd5 exd5
9.Qb3 O-O 10.Rd1 Re8 11.e3 c6 12.Be2 Nd7 13.O-O  1/2-1/2

[Event "Frankfurt"]
[Site "Frankfurt"]
[Date "1989.??.??"]
[Round "3"]
[White "Bretsnajdr, Vladimir"]
[Black "Rigo, Janos"]
[Result "0-1"]
[WhiteElo "2310"]
[BlackElo "2385"]

1.d4 Nf6 2.Nf3 e6 3.c4 b6 4.a3 c5 5.Nc3 cxd4 6.Nxd4 Bb7 7.f3 Nc6 8.Nxc6 Bxc6
9.e4 Qc7 10.Be3 h5 11.Qd2 Bd6 12.O-O-O Be5 13.Kb1 a6 14.Bd3 O-O 15.h3 Rfb8
16.g4 b5 17.cxb5 axb5 18.g5 b4 19.axb4 Rxb4 20.gxf6 Qa5 21.Kc1 Rxb2 22.Qxb2 Bxc3
23.Qb3 Bxf6 24.Bc2 Rc8 25.Rh2 Bb5 26.Rd3 Bxd3 27.Qxd3 Qa1+ 28.Kd2 Bc3+ 29.Qxc3 Qxc3+  0-1

[Event "Frankfurt"]
[Site "Frankfurt"]
[Date "1989.??.??"]
[Round "5"]
[White "Votruba, Pavel"]
[Black "Zsinka, Laszlo"]
[Result "1/2-1/2"]
[WhiteElo "2355"]
[BlackElo "2405"]

1.Nf3 Nf6 2.c4 b6 3.d4 e6 4.a3 Bb7 5.Nc3 g6 6.d5 Bg7 7.g3 Na6 8.Bg2 Nc5 9.O-O a5
10.Be3 O-O 11.Rc1 Ng4 12.Bxc5 bxc5 13.h3 Nf6 14.e4 d6 15.Re1 Nd7 16.b3  1/2-1/2

[Event "CSR-ch (Women)"]
[Site "Frenstat"]
[Date "1989.??.??"]
[Round "?"]
[White "Prochazkova, D."]
[Black "Cejkova, Miroslava"]
[Result "1-0"]
[WhiteElo "2025"]
[BlackElo "2150"]

1.d4 Nf6 2.Nf3 e6 3.c4 b6 4.a3 Bb7 5.Nc3 d5 6.cxd5 Nxd5 7.e3 Nd7 8.Bb5 c6
9.Bd3 c5 10.O-O cxd4 11.Nxd5 Bxd5 12.exd4 Be7 13.Bf4 Bb7 14.Rc1 Rc8 15.Qe2 Bf6
16.Rxc8 Qxc8 17.Rc1 Qa8 18.Bb5 a6 19.Bxd7+ Kxd7 20.Rc7+ Ke8 21.Ne5 Be7 22.Nxf7 Kxf7
23.Qh5+ g6 24.Qh4 Qd8 25.Rxb7 Ke8 26.Qg4 Qxd4 27.Rxe7+  1-0

[Event "Frunze"]
[Site "Frunze"]
[Date "1989.??.??"]
[Round "?"]
[White "Teske, Henrik"]
[Black "Howell, James C"]
[Result "0-1"]
[WhiteElo "2390"]
[BlackElo "2440"]

1.d4 Nf6 2.c4 e6 3.Nf3 b6 4.a3 Bb7 5.Nc3 d5 6.cxd5 Nxd5 7.Qc2 Nxc3 8.bxc3 c5
9.e4 Nd7 10.Bd3 Qc7 11.d5 c4 12.dxe6 cxd3 13.exf7+ Kxf7 14.Ng5+ Ke8 15.Qxd3 Nc5
16.Qf3 Ba6 17.Be3 Nd3+ 18.Kd2 Bc5 19.Bd4 Bxd4 20.cxd4 Rc8 21.Ke3 Ne5 22.Qh5+ g6  0-1

[Event "BL2-N8889"]
[Site "Germany"]
[Date "1989.??.??"]
[Round "?"]
[White "Schoof, Martin"]
[Black "Teschner, Rudolf"]
[Result "0-1"]
[WhiteElo "2280"]
[BlackElo "2290"]

1.d4 Nf6 2.Nf3 b6 3.c4 e6 4.a3 Bb7 5.Nc3 d5 6.cxd5 Nxd5 7.Qc2 Be7 8.e4 Nxc3
9.bxc3 c5 10.Bd3 O-O 11.e5 h6 12.h4 cxd4 13.Rh3 Qc7 14.Bd2 Bxf3 15.Rxf3 Qxe5+
16.Kf1 Nc6 17.h5 Bg5 18.Re1 Qc5 19.Bxg5 Qxg5 20.Qe2 Qg4 21.Bb1 dxc3 22.Qd3 f5
23.Qxc3 Nd4 24.Rg3 Qh4 25.Kg1 Rac8 26.Qe3 Rc5 27.Ba2 Kh8 28.Rg6 Qxh5 29.Rxg7 Nf3+
30.gxf3 Kxg7 31.Qd4+ Kh7 32.Bxe6 Rc7 33.Qf4 Qg5+  0-1

[Event "BL2-N8889"]
[Site "Germany"]
[Date "1989.??.??"]
[Round "?"]
[White "Dankert, Peter"]
[Black "Behrens, Harald"]
[Result "1/2-1/2"]
[WhiteElo "2255"]
[BlackElo "2305"]

1.d4 Nf6 2.Nf3 e6 3.c4 b6 4.a3 Ba6 5.Qc2 Bb7 6.Nc3 c5 7.d5 exd5 8.cxd5 Nxd5
9.Nxd5 Bxd5 10.e4 Be6 11.Bf4 Be7 12.Bd3 Nc6 13.O-O Qc8 14.Qc3 O-O 15.e5 f5
16.Rfe1 Qb7 17.Rad1 b5 18.Bg5 Rfc8 19.Bb1 b4 20.Qd2 bxa3 21.Bxe7 Nxe7 22.bxa3 Rab8
23.Qg5 Re8 24.h4 Qb2 25.Qe3 Rb3 26.Qxc5 Qxa3 27.Qd4 Nc6 28.Qf4 Rb4 29.Qd2 Reb8
30.Bd3 Nd4 31.Nxd4 Rxd4 32.Qe3 Qc3 33.Bxf5 Qxe3 34.Bxe6+ dxe6 35.fxe3 Rxh4
36.Rd7 Rh5 37.Rxa7 Rxe5 38.Re2 h5 39.Ra4 Kh7 40.Kf2 Rb3 41.Kf3 g5 42.g3 Kg6
43.Ra8 g4+ 44.Kf2 Rf5+ 45.Kg2 Re5 46.Kf2 Reb5 47.Re8 Kf6 48.Rh8 Rf5+ 49.Kg2 Ke5
50.Rd8 Rf3 51.Rh8 Ke4 52.Rxh5 Kd3 53.Ra2 Rxe3 54.Rg5 Re4 55.Rg8 Ke3 56.Rf8 Kd4
57.Ra4+  1/2-1/2

[Event "Gran Canaria-ch"]
[Site "Gran Canaria"]
[Date "1989.??.??"]
[Round "?"]
[White "Solana Suarez, Ernesto"]
[Black "Mendoza, Lucas"]
[Result "1/2-1/2"]
[WhiteElo "2275"]
[BlackElo "2325"]

1.Nf3 Nf6 2.d4 e6 3.c4 b6 4.a3 Bb7 5.Nc3 d5 6.cxd5 Nxd5 7.Qc2 Nxc3 8.bxc3 Be7
9.e4 c5 10.Bb5+ Bc6 11.Bd3 Nd7 12.O-O O-O 13.Rd1 cxd4 14.cxd4 Rc8 15.Qe2 Ba4
16.Re1 Qc7 17.Ba6 Rb8 18.Bd3 b5 19.Bb2 Rfc8 20.Qd2 Nb6 21.Rec1 Nc4 22.Qe2 Qb7
23.h3 a5 24.Rc3 Nxb2 25.Qxb2 Rxc3 26.Qxc3 b4 27.axb4 Bxb4 28.Qb2 Bc6 29.Qe2 Bb5
30.Bxb5 Qxb5 31.Qxb5 Rxb5 32.Kf1 f6 33.Ke2 Bc3 34.Ra2 Rb1 35.Kd3 Bb4 36.Kc2 Rf1
37.Kd3 h5 38.d5 Kf7 39.dxe6+ Kxe6 40.Nd4+ Ke5 41.Nc6+ Kf4 42.Nxa5 Bxa5 43.Rxa5 Rxf2
44.Rxh5 Rxg2 45.Rh7 Rg1 46.h4 Rg3+ 47.Kd4 Re3 48.Rxg7 Rxe4+ 49.Kd3 Re3+ 50.Kd2 Rh3
51.Rh7 Rh2+ 52.Ke1 Kg4 53.Rg7+ Kf4 54.Rh7 f5 55.Ra7 Kg4 56.h5 f4 57.Ra3 Rxh5
58.Kf2 Rh2+ 59.Kg1 Re2 60.Rb3 Re3 61.Rb8 Kf3 62.Rf8 Re1+ 63.Kh2 Re2+ 64.Kg1 Rg2+
65.Kf1 Ra2 66.Kg1 Ra1+ 67.Kh2 Rf1 68.Ra8 Re1 69.Rf8 Re4 70.Rf7 Kf2 71.Ra7 f3
72.Ra2+ Re2 73.Ra1 Rd2 74.Rb1 Ra2 75.Rc1 Re2 76.Ra1 Re1 77.Ra2+ Ke3 78.Ra3+ Kf4
79.Ra4+ Re4 80.Ra8 Re1 81.Ra4+ Ke3 82.Ra3+ Kf2 83.Ra2+ Re2 84.Ra8  1/2-1/2

[Event "Gran Canaria-ch"]
[Site "Gran Canaria"]
[Date "1989.??.??"]
[Round "?"]
[White "Mendoza, Lucas"]
[Black "Villavicencio, Adalberto"]
[Result "1/2-1/2"]
[WhiteElo "2325"]
[BlackElo "2325"]

1.d4 Nf6 2.Nf3 e6 3.c4 b6 4.a3 Bb7 5.Nc3 d5 6.cxd5 Nxd5 7.Qc2 Be7 8.e4 Nxc3
9.bxc3 O-O 10.Bd3 c5 11.O-O cxd4 12.cxd4 Qc8 13.Qe2 Ba6 14.Bb2 Bxd3 15.Qxd3 Qa6
16.Qxa6 Nxa6 17.Rac1 Rfc8 18.Ne5 Rc7 19.Rxc7 Nxc7 20.Rc1 Ne8  1/2-1/2

[Event "EU-chT"]
[Site "Haifa"]
[Date "1989.??.??"]
[Round "4"]
[White "Morrison, Graham"]
[Black "Wirthensohn, Heinz"]
[Result "1/2-1/2"]
[WhiteElo "2325"]
[BlackElo "2405"]

1.d4 Nf6 2.c4 e6 3.Nf3 b6 4.a3 Bb7 5.Nc3 d5 6.cxd5 Nxd5 7.Qc2 Be7 8.e4 Nxc3
9.bxc3 O-O 10.Bd3 c5 11.O-O Qc8 12.Qe2 Ba6 13.Ne5 Bxd3 14.Qxd3 Nd7 15.f4 cxd4
16.cxd4 Rd8 17.Bb2 Qb7 18.Qe2 Nxe5 19.fxe5 Rac8 20.Rf2 Rd7 21.Raf1 Bf8 22.h4 b5
23.Kh1 Qb6 24.Qg4 b4 25.axb4 Qxb4 26.d5 Qb6 27.d6 Re8 28.h5 Qb5 29.Qf3  1/2-1/2